000
00307nam a2200133Ia 4500
008
240624s9999 xx 000 0 und d
041
_a
eng
082
_a
823 BAL
100
_a
BALDACCI DAVID
245
_a
SAVING FAITH
260
_c
1999
_a
London
_b
Pan Books
300
_a
453 : p. : cm. ; 18
365
_c
RS
999
_c
21189
_d
21189